00810nam a2200241 i 4500003000900000005001700009007000300026008004100029020001800070040003000088082002400118100002600142245007200168264004100240300002800281336002700309337003400336338002800370500007100398650003000469650003200499700003700531DO-SdBNP20260527135703.0ta240704s2024 dr 000 p spa d a9789945654226 aDO-SdBNPbspacBNPHUerda 4aRD863.44bM181b2221 aMadera, Osiriseautor10aBrillará la noche /cOsiris Madera ; prólogo Giovanni Di Pietro 4aSanto Domingo :bSantuario,c©2024. a87 páginas, c23 cm. 2rdacontentatextobtxt 2rdamediaasin mediación bn 2rdacarrieravolumenbnc aIncluye datos biográficos del autor en la solapa de la portada.  7aPoesía dominicana2LEMB 7aLiteratura dominicana2LEMB1 aDi Pietro, Giovanni eprólogo